Sprachvergleichung und Urgeschichte linguistisch-historische Beiträge zur Erforschung des indogermanischen Altertums : II. Teil, 1-2. Abschnitt /

Elmentve itt :
Bibliográfiai részletek
Szerző: Schrader Otto
Dokumentumtípus: Könyv
Megjelent: 1906
Kulcsszavak:Nyelvészet - történeti, Nyelvtörténet - indoeurópai nyelvek
Online Access:http://misc.bibl.u-szeged.hu/23700
LEADER 00645nam a2200145 i 4500
001 misc23700
005 20191111104226.0
008 171009s1906 hu o 0|| zxx d
040 |a SZTE Miscellanea Repozitórium  |b hun 
041 |a zxx 
100 1 |a Schrader Otto 
245 1 0 |a Sprachvergleichung und Urgeschichte   |h [elektronikus dokumentum] :  |b linguistisch-historische Beiträge zur Erforschung des indogermanischen Altertums : II. Teil, 1-2. Abschnitt /  |c  Schrader Otto 
260 |c 1906 
695 |a Nyelvészet - történeti, Nyelvtörténet - indoeurópai nyelvek 
856 4 0 |u http://misc.bibl.u-szeged.hu/23700/1/koll_008_010_001-559.pdf  |z Dokumentum-elérés